000
00336nam a22001457a 4500
008
210429b ||||| |||| 00| 0 eng d
020
_a
9781449380250
041
_a
eng
080
_2
9781449380250
_a
004
082
_a
004
100
_a
28
101
_a
SHKI
245
_a
Flash CS5 The missing Manual
_c
Chris Grover
942
_2
udc
_c
BK
999
_c
56944
_d
56944